Таксономическая и биогеографическая характеристика флоры Западного Предкавказья и Западного Кавказа: Phylum Magnoliophyta: Classis Liliopsida (Запись № 11077543)

Подробности
000 -МАРКЕР
контрольное поле 02337nam1a2200337 i 4500
001 - ИДЕНТИФИКАТОР ЗАПИСИ
контрольное поле RU\NLR\BIBL_A\012250130
005 - ИДЕНТИФИКАТОР ВЕРСИИ
контрольное поле 20260405072854.0
035 ## - ДРУГИЕ СИСТЕМНЫЕ НОМЕРА
Идентификатор записи (RuMoRGB)010234063
035 ## - ДРУГИЕ СИСТЕМНЫЕ НОМЕРА
Идентификатор записи (NLR Aleph) 012250130
100 ## - ДАННЫЕ ОБЩЕЙ ОБРАБОТКИ
Данные общей обработки 20200228g2019 k y0rusy50 ca
101 0# - ЯЗЫК РЕСУРСА
Язык текста, звукозаписи и т.д. русский
102 ## - СТРАНА ПУБЛИКАЦИИ ИЛИ ПРОИЗВОДСТВА
Страна публикации Российская Федерация
105 ## - ПОЛЕ КОДИРОВАННЫХ ДАННЫХ: ТЕКСТОВЫЕ МАТЕРИАЛЫ, МОНОГРАФИЧЕСКИЕ
Кодированные данные о монографическом текстовом документе ||||z||||||||
181 #0 - ПОЛЕ КОДИРОВАННЫХ ДАННЫХ: ВИД СОДЕРЖАНИЯ
Код вида содержания (ISBD) i
Код характеристики содержания (ISBD) axxe
182 #0 - ПОЛЕ КОДИРОВАННЫХ ДАННЫХ: ТИП СРЕДСТВА
Код типа средства (ISBD) n - непосредственное
200 1# - ЗАГЛАВИЕ И СВЕДЕНИЯ ОБ ОТВЕТСТВЕННОСТИ
Основное заглавие Таксономическая и биогеографическая характеристика флоры Западного Предкавказья и Западного Кавказа: Phylum Magnoliophyta: Classis Liliopsida
Параллельное заглавие Taxonomic and biogeographic characteristics of the flora of the Western Ciscaucasus and Western Caucasus: Phylum Magnoliophyta: Classis Liliopsida
Сведения, относящиеся к заглавию [монография]
Первые сведения об ответственности С.А. Литвинская
Язык параллельного заглавия английский
203 ## - ВИД СОДЕРЖАНИЯ И ТИП СРЕДСТВА
Вид содержания Текст
Дополнительные сведения об издании визуальный
Тип средства непосредственный
210 ## - ПУБЛИКАЦИЯ, РАСПРОСТРАНЕНИЕ И ДР.
Место издания, распространения и т.д. Москва
Имя издателя, распространителя и т. д. [б. и.]
Дата издания, распространения и т.д. 2019
215 ## - ФИЗИЧЕСКАЯ ХАРАКТЕРИСТИКА
Размеры 31
300 ## - ОБЩИЕ ПРИМЕЧАНИЯ
Текст примечания На 4-й с. обл. авт.: С.А. Литвинская - д-р биол. наук, проф., Засл. работник высш. шк. Рос. Федерации, чл.-кор. РАЕН и Рос. Экол. акад., Засл. эколог Кубани, неоднократ. лауреат премии Администрации Краснодар. края в обл. образования, науки и культуры
510 1# - ПАРАЛЛЕЛЬНОЕ ЗАГЛАВИЕ
Связь между полями z11790
Параллельное заглавие Taxonomic and biogeographic characteristics of the flora of the Western Ciscaucasus and Western Caucasus: Phylum Magnoliophyta: Classis Liliopsida
Язык заглавия английский
606 1# - НАИМЕНОВАНИЕ ТЕМЫ КАК ПРЕДМЕТ
Наименование темы Однодольные
Географический подзаголовок Кавказ Западный
Системный номер авторитетной/нормативной записи 2441365
Идентификатор авторитетной/нормативной записи RU\NLR\AUTH\6601670185
606 1# - НАИМЕНОВАНИЕ ТЕМЫ КАК ПРЕДМЕТ
Наименование темы Однодольные
Географический подзаголовок Предкавказье
Системный номер авторитетной/нормативной записи 2441369
Идентификатор авторитетной/нормативной записи RU\NLR\AUTH\6601670186
686 1# - ИНДЕКСЫ ДРУГИХ КЛАССИФИКАЦИЙ
Индекс Е592.71(2Р37)
700 #1 - ИМЯ ЛИЦА - ПЕРВИЧНАЯ ОТВЕТСТВЕННОСТЬ
Материалы, к которым относится поле rus
Графика поля Кириллица
Начальный элемент ввода Литвинская
Часть имени, кроме начального элемента ввода С. А.
Расширение инициалов личного имени Светлана Анатольевна
Идентификатор авторитетной/нормативной записи RU\NLR\AUTH\7725303
Системный номер авторитетной/нормативной записи 8352
790 #1 - ИМЯ ЛИЦА - АЛЬТЕРНАТИВНАЯ ФОРМА
Материалы, к которым относится поле rus
Графика поля Латинская
Начальный элемент ввода Litvinskaja
Часть имени, кроме начального элемента ввода S. A.
Расширение инициалов личного имени Svetlana Anatol'evna
Идентификатор авторитетной/нормативной записи RU\NLR\AUTH\7725305
Системный номер авторитетной/нормативной записи 8354
852 ## - МЕСТОНАХОЖДЕНИЕ И ШИФР ХРАНЕНИЯ
Идентификатор организации NLR
Шифр хранения (Call Number) 2020-9/75
942 ## - ДОПОЛНИТЕЛЬНЫЕ ЭЛЕМЕНТЫ ЗАПИСИ (АБИС)
Тип экземпляра АБИС Книга

Нет доступных экземпляров.